MARC details
| 000 -BAŞLIK |
| Sabit Uzunlukta Kontrol Alanı |
01888na a2200457 4500 |
| 001 - KONTROL NUMARASI |
| Denetim Alanı |
14821 |
| 003 - KONTROL NUMARASI IDENTIFIER |
| Denetim Alanı |
MIRAKIL |
| 005 - SON İŞLEM TARİHİ VE ZAMANI |
| Denetim Alanı |
20181213154944.0 |
| 008 - SABİT-BOY VERİ ELEMANLARI - GENEL BİLGİLER |
| Sabit Uzunlukta Kontrol Alanı |
161107b tu 000 0 |
| 035 ## - SİSTEM KONTROL NUMARASI |
| Sistem Kontrol Numarası |
14821 |
| 040 ## - KATALOGLAMA KAYNAK |
| Orijinal Kataloglama Ajansı |
Milas |
| Kataloglama Dili |
tur |
| Metne Dönüştürmek Ajansı |
TR-AnCHP |
| 041 ## - DİL KODU |
| Metin / Ses Parça Veya Ayrı Başlığın Dil Kodu |
tur |
| 082 ## - DEWEY ONLU SINIFLANDIRMA NUMARASI |
| Sınıflandırma Numarası |
CHP 303.372 |
| Ürün Numarası |
C36ö 2013 |
| 090 ## - SINIFLAMA NUMARASI |
| Sınıflama Numarası |
CHP 303.372 C36ö 2013 |
| 110 ## - ANA GİRİŞ - KURUMSAL ADI |
| Giriş Elemanı Olarak Kurumsal Ad Veya Yargı Alanı Adı |
Cumhuriyet Halk Partisi (CHP) |
| Alt Birim |
İletişim Tanıtım ve Medya ile İlişkiler Genel Başkan Yardımcılığı |
| 245 ## - BAŞLIK TABLOSU |
| Başlık |
Öteki Türkiye |
| Başlığın Kalan |
Emek ve şiddet : geride kalan, saklanan, unutulan, görünmeyen... |
| Sorumluluk Tablosu, Vb |
CHP İletişim Tanıtım ve Medya ile İlişkiler Genel Başkan Yardımcılığı; editör Gizem Karslı |
| 246 ## - UNVAN FORM VARYING |
| Başlık Doğru / Kısa Başlığı |
Emek ve şiddet |
| 246 ## - UNVAN FORM VARYING |
| Başlık Doğru / Kısa Başlığı |
Geride kalan, saklanan, unutulan, görünmeyen... |
| 260 ## - YAYIN, DAĞITIM, VB |
| Yayın, Dağıtım, Vb Yeri |
Ankara |
| Yayıncı, Dağıtıcı, Vs Adı |
CHP |
| Yayın, Dağıtım, Vb Tarihi |
2013 |
| 300 ## - FİZİKSEL TANIM |
| Kapsam |
91 s. |
| Diğer Fiziksel Ayrıntıları |
rnkl. res. |
| Boyutlar |
30 sm. |
| 490 ## - SERİSİ TABLOSU |
| Seri Beyanı |
Cumhuriyet Halk Partisi yayınları |
| 500 ## - GENEL NOT |
| Genel Not |
Kaynakça var. |
| 600 ## - KONU KATMA GİRİŞ - KURUMSAL ADI |
| Kişisel Ad |
Tekin, Gürsel |
| Başlıklar Ve Bir Adla İlişkili Diğer Kelimeler |
CHP İletişim Tanıtım ve Medya ile İlişkiler Genel Başkan Yardımcısı |
| Genel Alt Bölümü |
Sosyal gruplar |
| Kronolojik Alt Bölümü |
Raporlar |
| 610 ## - KONU KATMA GİRİŞ - TOPLANTI ADI |
| Giriş Elemanı Olarak Kurumsal Ad Veya Yargı Alanı Adı |
CHP |
| Genel Alt Bölüm |
LGBT |
| Kronolojik Alt Bölüm |
Raporlar |
| 610 ## - KONU KATMA GİRİŞ - TOPLANTI ADI |
| Giriş Elemanı Olarak Kurumsal Ad Veya Yargı Alanı Adı |
CHP |
| Genel Alt Bölüm |
Sosyal adalet |
| Kronolojik Alt Bölüm |
İktidar eleştirisi |
| 610 ## - KONU KATMA GİRİŞ - TOPLANTI ADI |
| Giriş Elemanı Olarak Kurumsal Ad Veya Yargı Alanı Adı |
CHP |
| Genel Alt Bölüm |
İşçiler |
| Kronolojik Alt Bölüm |
Raporlar |
| 610 ## - KONU KATMA GİRİŞ - TOPLANTI ADI |
| Giriş Elemanı Olarak Kurumsal Ad Veya Yargı Alanı Adı |
CHP |
| Genel Alt Bölüm |
Suriyeli sığınamcılar |
| Kronolojik Alt Bölüm |
Raporlar |
| 610 ## - KONU KATMA GİRİŞ - TOPLANTI ADI |
| Giriş Elemanı Olarak Kurumsal Ad Veya Yargı Alanı Adı |
CHP |
| Genel Alt Bölüm |
Kadın cinayetleri |
| Kronolojik Alt Bölüm |
Raporlar |
| 610 ## - KONU KATMA GİRİŞ - TOPLANTI ADI |
| Giriş Elemanı Olarak Kurumsal Ad Veya Yargı Alanı Adı |
CHP |
| Genel Alt Bölüm |
Çocuk işçiler |
| Kronolojik Alt Bölüm |
Raporlar |
| 610 ## - KONU KATMA GİRİŞ - TOPLANTI ADI |
| Giriş Elemanı Olarak Kurumsal Ad Veya Yargı Alanı Adı |
CHP |
| Genel Alt Bölüm |
Sosyal gruplar |
| Kronolojik Alt Bölüm |
Raporlar |
| 650 ## - KONU KATMA GİRİŞ - TOPİKAL DÖNEM |
| Topikal Süreli Veya Coğrafi Ad Giriş Elemanı |
Sosyal adalet |
| Genel Alt Bölümü |
İktidar eleştirisi |
| Coğrafi Alt Bölümü |
Türkiye |
| 650 ## - KONU KATMA GİRİŞ - TOPİKAL DÖNEM |
| Topikal Süreli Veya Coğrafi Ad Giriş Elemanı |
Sosyal gruplar |
| Genel Alt Bölümü |
Hak ve özgürlükler |
| Kronolojik Alt Bölümü |
Raporlar |
| Coğrafi Alt Bölümü |
Türkiye |
| 700 ## - KATMA GİRİŞ - KİŞİSEL İSİM |
| Kişisel Ad |
Karslı,Gizem |
| 740 ## - KATMA GİRİŞ - KONTROLSUZ İLGİLİ / ANALİTİK BAŞLIK |
| Kontrol Edilmeyen / İlgili Analitik Başlıktaki |
Emek ve şiddet |
| 810 ## - SERİSİ EKLENDİ GİRİŞ - KURUMSAL ADI |
| Giriş Elemanı Olarak Kurumsal Ad Veya Yargı Alanı Adı |
Cumhuriyet Halk Partisi (CHP) |
| Alt Birim |
İletişim Tanıtım ve Medya ile İlişkiler Genel Başkan Yardımcılığı |
| 830 ## - SERİSİ EKLENDİ GİRİŞ - ÜNİFORM ADI |
| Üniforma Başlık |
CHP yayınları |
| 942 ## - EKLENDİ GİRİŞ ELEMANLARI (KOHA) |
| Sınıflandırma Veya Raf Düzeni Kaynak |
Dewey Decimal Classification |
| Koha Öğesi Türü |
Books |
| 999 ## - SİSTEM KONTROL NUMARALARI (KOHA) |
| Koha Biblionumber |
3808 |
| Koha Biblioitemnumber |
3808 |
| 657 ## - INDEX SÜRE - İŞLEVİ |
| -- |
Sosyal adalet arayışı |
| 657 ## - INDEX SÜRE - İŞLEVİ |
| -- |
Güvensiz çalışma koşulları |
| 657 ## - INDEX SÜRE - İŞLEVİ |
| -- |
Ötekiler |